| 000 | 01365cam a2200301 a 4500 | ||
|---|---|---|---|
| 999 |
_c4750 _d4750 |
||
| 001 | 74499 | ||
| 003 | GBCCL | ||
| 005 | 20241126110525.0 | ||
| 008 | 940106s1994 ilu b 001 0 eng | ||
| 010 | _a 94000415 | ||
| 020 | _a0830817743 (pbk.) | ||
| 020 | _a0830816917 (bound) | ||
| 035 | _a(OCoLC)29670583 | ||
| 040 |
_aDLC _cDLC _dABF _dPGC _dDTM _dLBB |
||
| 049 |
_aLBBK _aLBBA |
||
| 050 | 0 | 0 |
_aBT1102 _b.K724 1994 |
| 082 | 0 | 0 |
_a239 _220 _bKRE |
| 090 |
_aBT1102 _b.K724 1994 |
||
| 100 | 1 |
_aKreeft, Peter. _98670 |
|
| 245 | 1 | 0 |
_aHandbook of Christian apologetics : _bhundreds of answers to crucial questions / _cPeter Kreeft and Ronald K. Tacelli. |
| 260 |
_aDowners Grove, Ill. : _bInterVarsity Press, _cc1994. |
||
| 300 |
_a406 p. ; _c23 cm. |
||
| 504 | _aIncludes bibliographical references (p. [393]-399) and indexes. | ||
| 505 | 0 | _aThe nature, power & limitations of apologetics -- Faith & reason -- Twenty arguments for the existence of God -- The nature of God -- Four problems of cosmology -- The problem of evil -- The divinity of Christ -- The Resurrection -- The Bible : myth or history? -- Life after death -- Heaven -- Hell -- Salvation -- Christianity & other religions -- Objective truth -- The bottom line. | |
| 650 | 0 |
_aApologetics _y20th century. _91383 |
|
| 700 | 1 |
_aTacelli, Ronald K. _q(Ronald Keith), _d1947- _98671 |
|
| 942 |
_2ddc _cBK _097 |
||